000 00641nmc a2200253 a 4500
003 AR-BaBNM
005 20251128203400.0
008 257019s1958 ||||||||||||||000 | spa||
040 _cAR-BaBNM
100 1 _aZorraquín Becú, Ricardo
245 1 0 _aEl federalismo argentino
250 _a3ª ed.
260 _aBuenos Aires
_bPerrot
_c1958
300 0 _a255 p.
490 0 _aLa torre de Babel
_vv. 4
650 4 _aHISTORIA POLITICA ARGENTINA
650 4 _aFEDERALISMO ARGENTINO
650 4 _aPACTO FEDERAL
650 4 _aHISTORIA CONSTITUCIONAL
650 4 _aFEDERALES
651 4 _aArgentina
942 _cBK
998 _cmariana
999 _c3128
_d3128